000 00461nam a2200169Ia 4500
008 230711s9999||||xx |||||||||||||| ||und||
020 _a978-81-224-3989-2
041 _aENG
082 _a621.319
_bPA-F
100 _aPadiyar,K.R
245 0 _aFacts controllers in power transmission and distribution
250 _a2nd Ed.
260 _c2016
_aNew Delhi
_bNew Age International Publishers
300 _a532p.
650 _aElectrical Engineering
942 _cBK
999 _c6271
_d6271